000 00712nam a2200217 i 4500
001 52112
003 ES-MaACL
005 20230906162524.0
007 t|
008 030826s1978 sp ||||1| spa d
100 1 _aChorier, Nicolás.
_938618
245 1 3 _aLa academia de las damas... sobre los arcanos del amor y de Venus...
_b: . Segunda parte /
_cescribiola Nicolás Chorier y la traduce Joaquín López Barbadillo.
250 _aEd. facs.
260 _a[Madrid] :
_bakal,
_c[1978]
300 _a160 p. ;
_c20 cm.
655 7 _2tgfbne
_9226495
_aFacsímiles
700 1 _aLópez Barbadillo, Joaquín.
_973441
852 _aES-MaACL
_jA-10202
_bR.99011
942 _2udc
999 _c52112
_d52112